Nghiên cứu tính chất quang của màng hợp chất TiO2/SiO2 bằng phương pháp phún xạ RF /

সংরক্ষণ করুন:
গ্রন্থ-পঞ্জীর বিবরন
প্রধান লেখক: .
অন্যান্য লেখক: Cao Thị Mỹ Dung., Huỳnh Thành Đạt., Lê Vũ Tuấn Hùng., Nguyễn Văn Đến., Tạ Thị Kiều Hạnh.
বিন্যাস: প্রবন্ধ
ভাষা:Vietnamese
ট্যাগগুলো: ট্যাগ যুক্ত করুন
কোনো ট্যাগ নেই, প্রথমজন হিসাবে ট্যাগ করুন!
Thư viện lưu trữ: Thư viện Trường Đại học Đà Lạt
LEADER 01021nam a2200289 4500
001 DLU120144320
005 ##20121129
040 # # |a DLU  |b vie 
041 # # |a vie 
044 # # |a vn 
100 # # |a . 
245 # # |a Nghiên cứu tính chất quang của màng hợp chất TiO2/SiO2 bằng phương pháp phún xạ RF /  |c Lê Vũ Tuấn Hùng, ...[và những người khác]. 
700 # # |a Cao Thị Mỹ Dung. 
700 # # |a Huỳnh Thành Đạt. 
700 # # |a Lê Vũ Tuấn Hùng. 
700 # # |a Nguyễn Văn Đến. 
700 # # |a Tạ Thị Kiều Hạnh. 
773 # # |t Tuyển tập các báo cáo hội nghị vật lý toàn quốc lần thứ VI tập I: vật lý lý thuyết, quang học quang phổ  |g 2006, tr. 342-345 
920 # # |a Phòng Tạp chí -- Trung tâm Thông tin - Thư viện Trường Đại học Đà Lạt 
994 # # |a DLU 
900 # # |a True 
911 # # |a Trương Thị Mỹ Lệ 
925 # # |a G 
926 # # |a A 
927 # # |a BB 
980 # # |a Thư viện Trường Đại học Đà Lạt